Bones of the Skeleton - Statistics

General Stats
  • This quiz has been taken 591 times
  • The average score is 28 of 61
Answer Stats
Body Area Nickname Number Answer % Correct
Skull jawbone, lower jaw 1 mandible
78%
Leg shinbone 2 tibia
76%
Arm none 2 ulna
76%
Leg thigh bone 2 femur
75%
Leg calf bone 2 fibula
73%
Arm none 2 radius
73%
Thorax shoulder blade 2 scapula
70%
Thorax collarbone 2 clavicle
69%
Arm upper arm 2 humerus
67%
Leg kneecap 2 patella
67%
Spine tailbone 1 coccyx
66%
Skull none 2 temporal bone
62%
Skull upper jaw 2 maxilla
61%
Skull none 1 occipital bone
61%
Skull cheek bone 2 zygomatic bone
60%
Skull none 2 parietal bones
59%
Hand/Foot none 20 distal phalanges
58%
Hand/Foot knuckle bones 16 intermediate phalanges
58%
Hand/Foot finger/toe tip bones 20 proximal phalanges
58%
Spine lower back 5 l-1 through l-5
57%
Spine sacral vertebrae 1 sacrum
57%
Spine none 4 (7 total) c-3 through c-7
55%
Ribs none 10 false ribs
55%
Ribs none 14 true ribs
55%
Spine none 12 t-1 through t-12
54%
Skull none 2 nasal bones
51%
Hand palm bones 10 metacarpals
48%
Skull none 2 inferior nasal concha
47%
Skull none 1 sphenoid bone
47%
Foot none 10 metatarsals
46%
Skull none 1 ethmoid bone
43%
Spine C-1 1 atlas
42%
Spine C-2 1 axis
40%
Pelvis none 2 ilium
37%
Skull none 2 lacrimal bone
36%
Foot heel bone 2 calcaneus
35%
Foot ankle bone 2 talus
35%
Pelvis none 2 pubis
34%
Hand none 2 scaphoid
34%
Ossicles stirrup bone 2 stapes
34%
Pelvis none 2 ischium
33%
Hand none 2 lunate
33%
Hand pisiforme 2 pisiform
33%
Hand none 2 trapezium
33%
Hand none 2 trapezoid
33%
Skull none 1 vomer
33%
Hand unciform bone 2 hamate
31%
Ossicles hammer bone 2 malleus
30%
Ossicles anvil bone 2 incus
28%
Skull none 2 palatine bone
28%
Hand none 2 capitate
27%
Foot none 2 cuboid
27%
Skull none 1 hyoid bone
27%
Foot none 2 intermediate cuneiform
27%
Foot none 2 lateral cuneiform
27%
Sternum head of the sternum 1 manubrium
27%
Foot none 2 medial cuneiform
27%
Sternum ensiform process 1 xiphoid process
25%
Hand none 2 triquetral
15%
Skull frontal bone 2 sincipital bone
8%
Sternum body of the sternum 1 gladiolus
6%
No matching quizzes found
Score Distribution
Percent of People with Each Score
Percentile by Number Answered
Your Score History
You have not taken this quiz